| 000 | 00996nam a2200265Ia 4500 | ||
|---|---|---|---|
| 001 | ebr10088331 | ||
| 003 | CaPaEBR | ||
| 006 | m u | ||
| 007 | cr cn||||||||| | ||
| 008 | 050719s2003 enk s 010 0 eng d | ||
| 020 | _z1854182838 | ||
| 040 |
_aCaPaEBR _cCaPaEBR |
||
| 035 | _a(OCoLC)70748177 | ||
| 050 | 1 | 4 |
_aK3264.C65 _bS56 2003eb |
| 100 | 1 | _aSingleton, Susan. | |
| 245 | 1 | 0 |
_aData protection law for employers _h[electronic resource] / _cSusan Singleton. |
| 260 |
_aLondon : _bThorogood, _cc2003. |
||
| 300 | _a141 p. | ||
| 533 |
_aElectronic reproduction. _bPalo Alto, Calif. : _cebrary, _d2009. _nAvailable via World Wide Web. _nAccess may be limited to ebrary affiliated libraries. |
||
| 650 | 0 |
_aData protection _xLaw and legislation. |
|
| 650 | 0 | _aPrivacy, Right of. | |
| 655 | 7 |
_aElectronic books. _2local |
|
| 710 | 2 | _aebrary, Inc. | |
| 856 | 4 | 0 |
_uhttp://site.ebrary.com/lib/rucke/Doc?id=10088331 _zAn electronic book accessible through the World Wide Web; click to view |
| 999 |
_c51143 _d51143 |
||